01566nam a2200301uu 4500001000800000005001700008007001000025008004100035035001200076040001300088041000800101082000800109100003800117245024300155260003500398300001100433520051600444650003500960650005800995650005701053650002501110650002301135650002001158650002501178700004401203502001001247526000701257151225520260508093117.0co|||||||181121s2018 spa  a1512255 ccomduadb aspa 4a30710aMejia Giraldo, Amarilla4auteaut10aEspacios piel, arquitecturas del deseo : escenografías urbanas. Una mirada escénica sobre el espacio público en el Parque Berrío (entre las carreras 50 - 51 y las calles 50-51), sus transeúntes y habitantes como actores sociales aMedellín :bAutor(a),c2018. aCD-ROM3 aRESUMEN : El trabajo de grado "Espacios piel, arquitecturas del deseo" indaga en el espacio público desde una mirada escénica, observando cómo la arquitectura urbana y sus características influencian a aquellos que lo habitan, determinando sus comportamientos sociales, convirtiendo así el parque en espacio escénico, los volúmenes y luminarias en complementos escenográficos, los ciudadanos en actores y las situaciones cotidianas en vitrinas que exponen un sin número de máscaras sociales. aAntropologia urbana - Medellin aParque de Berrío - Medellín (Antioquia, Colombia) aEspacio público - Medellín (Antioquia, Colombia) 7aEspacio urbano2lemb aEspacio escénico aTeatro y ciudad 7aEscenografía2lemb10aSorge Radovani, Lavina Sabina4thseths b29c7 a29